Reform of RICS regulatory framework (Record no. 105192)

MARC details
000 -LEADER
fixed length control field 01211cam a2200193 4500
001 - CONTROL NUMBER
control field ##L132606
008 - FIXED-LENGTH DATA ELEMENTS--GENERAL INFORMATION
fixed length control field 060222n2006 000 0 eng u
035 ## - SYSTEM CONTROL NUMBER
System control number (Sirsi) u132606
041 0# - LANGUAGE CODE
Language code of text/sound track or separate title eng
050 04 - LIBRARY OF CONGRESS CALL NUMBER
Classification number 333.0062 $2 18
110 1# - MAIN ENTRY--CORPORATE NAME
Corporate name or jurisdiction name as entry element Royal Institution of Chartered Surveyors
Subordinate unit Professional Regulation and Consumer Protection
9 (RLIN) 4348
245 00 - TITLE STATEMENT
Title Reform of RICS regulatory framework
Remainder of title consultation paper
260 ## - PUBLICATION, DISTRIBUTION, ETC.
Place of publication, distribution, etc. London
Name of publisher, distributor, etc. RICS
Date of publication, distribution, etc. 2006
520 ## - SUMMARY, ETC.
Summary, etc. Sets out proposals for consultation on three key aspects of RICS' regulatory framework: regulation of firms, a principles-based approach to rule making and enforcement and penalty processes. These proposals are prefaced by an overview of regulation which describes the regulatory regime of RICS, reasons for reform and the main headings of Sir Bryan Carsberg's recommendations (L129322) to RICS in April 2005. Comments from RICS members and other stakeholders are required by 13 March 2006.
590 ## - LOCAL NOTE (RLIN)
Local note IKA280206
690 ## - LOCAL SUBJECT ADDED ENTRY--TOPICAL TERM (OCLC, RLIN)
Topical term or geographic name as entry element ABOUT RICS-RICS PROFESSIONAL REGULATION AND CONSUMER PROTECTION
856 40 - ELECTRONIC LOCATION AND ACCESS
Uniform Resource Identifier <a href="https://www.rics.org/RICSWEB/getpage.aspx?p=TUrMD6yATEuSItVNniPjAw">https://www.rics.org/RICSWEB/getpage.aspx?p=TUrMD6yATEuSItVNniPjAw</a>
Public note View the consultation paper free of charge at www.rics.org...
942 ## - ADDED ENTRY ELEMENTS (KOHA)
Suppress in OPAC 0
Holdings
Withdrawn status Lost status Source of classification or shelving scheme Damaged status Not for loan Home library Current library Shelving location Date acquired Total Checkouts Full call number Barcode Date last seen Copy number Price effective from Koha item type
    Dewey Decimal Classification     Virtual Virtual Online 22/02/2006   ONLINE PUBLICATION 132606-2001 06/08/2019 1 06/08/2019 Book